Aktuálne otázky odvetvovej analýzy na príklade odvetvia stavebníctva dizertačná práca

Salvato in:
Dettagli Bibliografici
Autore principale: Šebejová, Katarína
Ente Autore: Ekonomická univerzita v Bratislave. Fakulta podnikového manažmentu
Altri autori: Zalai, Karol
Natura: Libro
Lingua:slovacco
Pubblicazione: Bratislava 2006
Soggetti:
Tags: Aggiungi Tag
Nessun Tag, puoi essere il primo ad aggiungerne!!

MARC

LEADER 00000nam$a2200000$$$4500
001 0090714
005 20231108121634.8
041 0 |a slo 
044 |a SK 
245 1 0 |a Aktuálne otázky odvetvovej analýzy na príklade odvetvia stavebníctva  |b dizertačná práca  |c Katarína Šebejová ; škol. Karol Zalai 
264 1 |a Bratislava  |c 2006 
300 |a 191 s. 
610 2 0 |a stavebníctvo 
610 2 0 |a modely matematické 
610 2 0 |a modelovanie matematické 
100 1 |a Šebejová, Katarína 
700 1 |a Zalai, Karol 
710 2 |a Ekonomická univerzita v Bratislave. Fakulta podnikového manažmentu